Study guide and workbook for understanding pathophysiology. (4th ed.) (Record no. 32775)

MARC details
000 -LEADER
fixed length control field 00731nam a2200205 a 4500
008 - FIXED-LENGTH DATA ELEMENTS--GENERAL INFORMATION
fixed length control field 110907s2008 ||||||||||||||||| || u
020 ## - INTERNATIONAL STANDARD BOOK NUMBER
International Standard Book Number 9780323049894
050 ## - LIBRARY OF CONGRESS CALL NUMBER
Classification number RB 113 Hue
100 ## - MAIN ENTRY--PERSONAL NAME
Personal name Huether, Sue E
245 10 - TITLE STATEMENT
Title Study guide and workbook for understanding pathophysiology. (4th ed.)
250 ## - EDITION STATEMENT
Edition statement 4th ed.
260 ## - PUBLICATION, DISTRIBUTION, ETC.
Place of publication, distribution, etc. St Louis, Missouri:
Name of publisher, distributor, etc. Mosby
Date of publication, distribution, etc. 2008
300 ## - PHYSICAL DESCRIPTION
Extent iv, 315p.: ill
350 ## -
-- 0.00
650 ## - SUBJECT ADDED ENTRY--TOPICAL TERM
Topical term or geographic name entry element BIBLIOGRAPHY
650 #0 - SUBJECT ADDED ENTRY--TOPICAL TERM
Topical term or geographic name entry element PHYSIOLOGY, PATHOLOGICAL
650 #0 - SUBJECT ADDED ENTRY--TOPICAL TERM
Topical term or geographic name entry element NURSES
700 ## - ADDED ENTRY--PERSONAL NAME
Personal name Parkinson, Clayton F
995 ## -
-- MEDICAL LIBRARY OPEN ACCESS
-- 0.00
-- 900330
-- CBU-SCHOOL OF MEDICINE LIBRARY (Ndola)
-- 1
-- 0.00
-- RB 113 Hue
-- 1
-- AVAILABLE
-- Dec 9, 2011
-- 900330
-- Medical Library Open Access Collection
999 ## -
-- 32775
-- 32775
Holdings
Withdrawn status Lost status Source of classification or shelving scheme Damaged status Not for loan Permanent Location Current Location Shelving location Date acquired Total Checkouts Full call number Barcode Date last seen Price effective from Koha item type
          CBU-SCHOOL OF MEDICINE LIBRARY, NDOLA. CBU-SCHOOL OF MEDICINE LIBRARY, NDOLA.   11/30/2022   RB 113 Hue 900330 11/30/2022 11/30/2022 MONOGRAPH